Państwa o największej liczbie granic - Statystyki

Ogólne statystyki
  • Ten quiz został rozwiązany 25 490 razy
    24 796 od ostatniego zresetowania
  • Średni wynik to 12 z 19
Statystyki odpowiedzi
# granice Państwo % Poprawnych
14 Rosja
98%
14 Chiny
96%
7 Polska
93%
9 Niemcy
90%
8 (11) Francja
83%
9 (10) Brazylia
79%
9 Demokratyczna Republika Konga
67%
8 Serbia
62%
7 Iran
57%
7 Ukraina
57%
7 Węgry
55%
8 Austria
54%
7 Niger
54%
8 Turcja
52%
7 Arabia Saudyjska
48%
7 Sudan
45%
7 Mali
38%
8 Tanzania
24%
8 Zambia
22%
Nie znaleziono quizów pasujących do podanych kryteriów
Rozkład punktacji
Procent ludzi z każdym wynikiem
Percentyl według liczby udzielonych odpowiedzi
Twoja historia wyników
Nie rozwiązałeś tego quizu od ostatniego zresetowania